000 00479nam a2200193Ia 4500
003 OSt
005 20221007083125.0
006 a|||||r|||| 00| 0
007 ta
008 221006b |||||||| |||| 00| 0 eng d
024 _a23,757
037 _cTheseses
040 _aFLL
_cFLL
_beng
041 _2eng
_aeng
100 _aAhmad Zaffar
_9700313
245 0 _aRight to life under the constitution of India
942 _cDIS
_2CC
999 _c1168900
_d1168900